BIBLIOTECA

SENCICO

Mecánica de producción : (Registro nro. 379)

Detalles MARC
000 -LEADER
fixed length control field 01417nam a2200313Ia 4500
003 - CONTROL NUMBER IDENTIFIER
control field PE SENCICO BE
005 - DATE AND TIME OF LATEST TRANSACTION
control field 20251020182435.0
008 - FIXED-LENGTH DATA ELEMENTS--GENERAL INFORMATION
fixed length control field 200515s9999 xx 000 0 und d
040 ## - CATALOGING SOURCE
Original cataloging agency PE SENCICO BE
Transcribing agency PE SENCICO BE
041 ## - LANGUAGE CODE
Language code of text/sound track or separate title spa
082 ## - DEWEY DECIMAL CLASSIFICATION NUMBER
Classification number 375.001
Item number F7
110 1# - MAIN ENTRY--CORPORATE NAME
Corporate name or jurisdiction name as entry element FORTE-PE
9 (RLIN) 3061
245 10 - TITLE STATEMENT
Title Mecánica de producción :
Remainder of title prototipo de programación curricular /
Statement of responsibility, etc. FORTE-PE
246 1# - VARYING FORM OF TITLE
Title proper/short title Título profesional de mecánica de producción
250 ## - EDITION STATEMENT
Edition statement [1a ed.]
260 ## - PUBLICATION, DISTRIBUTION, ETC.
Place of publication, distribution, etc. Lima :
Name of publisher, distributor, etc. FORTE-PE ;
Date of publication, distribution, etc. 2001
300 ## - PHYSICAL DESCRIPTION
Extent 136 páginas :
Other physical details tablas, gráficos ;
Dimensions 24 cm.
490 ## - SERIES STATEMENT
Series statement Nuevo modelo de educación técnica y profesional
500 ## - GENERAL NOTE
General note En la portada: Formación profesional de Grado Superior
500 ## - GENERAL NOTE
General note En la cubierta: Título profesional de mecánica de producción
504 ## - BIBLIOGRAPHY, ETC. NOTE
Bibliography, etc. note Bibliografía: p. 136
505 0# - FORMATTED CONTENTS NOTE
Formatted contents note La lógica de la programación curricular en formación profesional técnica -- Prototipo de programación curricular del título profesional de mecánica de producción
520 3# - SUMMARY, ETC.
Summary, etc. El prototipo que se presenta comprende una visión global de la carrera a través de la Programación del Título Profesional y la programación de cada uno de sus módulos.
650 10 - SUBJECT ADDED ENTRY--TOPICAL TERM
Topical term or geographic name entry element Planificación curricular
9 (RLIN) 3033
650 20 - SUBJECT ADDED ENTRY--TOPICAL TERM
Topical term or geographic name entry element Formación profesional
9 (RLIN) 1311
650 20 - SUBJECT ADDED ENTRY--TOPICAL TERM
Topical term or geographic name entry element Calidad de la educación
9 (RLIN) 2692
650 20 - SUBJECT ADDED ENTRY--TOPICAL TERM
Topical term or geographic name entry element Programación curricular
9 (RLIN) 3025
942 ## - ADDED ENTRY ELEMENTS (KOHA)
Koha item type Libros
Source of classification or shelving scheme Dewey Decimal Classification
Existencias
Fecha de la última vez que lo usaron Número de ingreso o de inventario Pago total Signatura topográfica completa Código de barras Precio efectivo desde Tipo de documento Estado perdido Sistema de clasificación Estado dañado No es para préstamo Retirado Ubicación permanente Ubicación actual Fecha de adquisición
15/05/2020 11842   375.001/F7 BibLima25050007 15/05/2020 Libros   Dewey Decimal Classification       Biblioteca Central Lima Biblioteca Central Lima 15/05/2020